| 000 | 00438nam a2200157 i 4500 | ||
|---|---|---|---|
| 001 | 67940 | ||
| 003 | ES-MaACL | ||
| 005 | 20230906170157.0 | ||
| 007 | t| | ||
| 008 | 040216s1923 xxu ||||1| eng d | ||
| 100 | 1 |
_aGalloway, T. W. _953650 |
|
| 245 | 1 | 0 |
_aBiology of sex for parents and teachers / _cby T.W. Galloway. |
| 260 |
_aNew York : _bD.C. Heath & Co., _c[1923] |
||
| 300 |
_aVIII, 105 p. ; _c19 cm. |
||
| 852 |
_aES-MaACL _jB-11940 |
||
| 999 |
_c67940 _d67940 |
||